000 01703nam a22004337a 4500
003 CHAP
005 20220329143338.0
008 081020s2008 mx r 00010 spa d
010 _a95273
011 _a96245
035 _a106892
040 _cCHAP
090 _aTesis
100 1 _aGonzález Solorio, Rubén.
_949429
245 1 0 _aImpacto de las remesas y política social en el comportamiento de la pobreza en los sectores urbano y rural de México 2000 - 2006
_c/por Rubén González Solorio
260 _aChapingo, Méx. :
_bEl autor,
_c2008
300 _a163 h. :
_bcuadros, gráfs.
502 _aTesis (Lic. en Economía Agricola) -- UACH. División de Ciencias Económico Administrativas
530 _aTambién disponible en línea
590 _aALEPH
_b10
_c20130110
_lUCH01
_h1525
590 _aBATCH-UPD
_b10
_c20130110
_lUCH01
_h0741
590 _aBATCH-UPD
_b10
_c20130410
_lUCH01
_h0423
590 _aBATCH-UPD
_b10
_c20130914
_lUCH01
_h1054
590 _aBATCH-UPD
_b10
_c20140324
_lUCH01
_h1508
590 _aBATCH-UPD
_b10
_c20141002
_lUCH01
_h0837
590 _aCONVERSION
_b10
_c20130109
_lUCH01
_h1353
650 1 4 _aCostos y nivel de vida
_zMéxico.
_928549
650 1 4 _aDesarrollo de la comunidad rural
_zMéxico.
_932040
650 1 4 _aDesarrollo de la comunidad
_zMéxico.
_931984
650 1 4 _aIngresos.
_958362
650 1 4 _aPobreza.
_989463
650 1 4 _aPolítica social.
_990696
856 _3Finding aid
_uhttp://10.13.5.2/tesis/106892.pdf
_zTeclea aqui
901 _aBK
905 _aluisgm
942 _cFOLL
949 _aTesis
_bBC
_cTES
_d33724002072975
_eTS2
_fc.2
_gDonaciØn
_h48303
_i106892
_sb
949 _aTesis
_bBC
_cTES
_d33724002073017
_eTS1
_gDonaciØn
_h48302
_i106892
_sb
999 _c95273
_d95273